La cagnotte (Record no. 156761)
[ view plain ]
| 000 -LEADER | |
|---|---|
| campo de control de longitud fija | 00891nam a22002295i 4500 |
| 001 - NÚMERO DE CONTROL | |
| campo de control | 156761 |
| 003 - IDENTIFICADOR DE NÚMERO DE CONTROL | |
| campo de control | ES-MaACL |
| 005 - FECHA Y HORA DE LA ÚLTIMA TRANSACCIÓN | |
| campo de control | 20230906210506.0 |
| 008 - DATOS DE LONGITUD FIJA--INFORMACIÓN GENERAL | |
| campo de control de longitud fija | 040804s1878 fr |||| | fre d |
| 040 ## - FUENTE DE CATALOGACIÓN | |
| Centro catalogador/agencia de origen | CAM |
| Lengua de catalogación | spa |
| Centro/agencia transcriptor | CAM |
| 100 0# - ENTRADA PRINCIPAL--NOMBRE DE PERSONA | |
| Nombre de persona | Labiche, Eugène. |
| 9 (RLIN) | 69236 |
| 245 13 - MENCIÓN DEL TÍTULO | |
| Título | La cagnotte |
| Resto del título | : comédie-vaudeville en cinq actes / |
| Mención de responsabilidad, etc. | de Eugène Labiche et A. Delacour. |
| 250 ## - MENCION DE EDICION | |
| Mención de edición | Nouvelle éd. |
| 260 ## - PUBLICACIÓN, DISTRIBUCIÓN, ETC. | |
| Lugar de publicación, distribución, etc. | Paris : |
| Nombre del editor, distribuidor, etc. | E. Dentu éditeur, |
| Fecha de publicación, distribución, etc. | 1878 ( |
| Fabricante | Imp. de E. Bonnaud) |
| 300 ## - DESCRIPCIÓN FÍSICA | |
| Extensión | 118, [1] p. ; |
| Dimensiones | 20 cm. |
| 490 1# - MENCIÓN DE SERIE | |
| Mención de serie | Répertoire du théatre moderne |
| 500 ## - NOTA GENERAL | |
| Nota general | Représentée pour la première fois sur le théatre du Palais-Royal le 22 février 1864. |
| 700 11 - ENTRADA AGREGADA--NOMBRE PERSONAL | |
| Nombre de persona | Delacour, Alfred. |
| 9 (RLIN) | 43281 |
| 830 0# - PUNTO DE ACCESO ADICIONAL DE SERIE-TÍTULO UNIFORME | |
| Título uniforme | Répertoire du théatre moderne |
| 9 (RLIN) | 221715 |
| 852 ## - LOCALIZACIÓN | |
| Ubicación | ES-MaACL |
| Número de control de estantería | T-729-F-5 |
| Nota libre | -- Enc. hol. conservando la cub. original |
| -- | -- Enc. en un vol. facticio |
| Estatus retirado | Estado de pérdida | Estado de daño | No para préstamo | Colección | Biblioteca de origen | Biblioteca actual | Ubicación en estantería | Fecha de adquisición | Total de préstamos | Signatura topográfica completa | Código de barras | Visto por última vez | Precio de reemplazo | Tipo de ítem Koha |
|---|---|---|---|---|---|---|---|---|---|---|---|---|---|---|
| Colección de folletos | Biblioteca del Ateneo de Madrid | Biblioteca del Ateneo de Madrid | Depósito folletos | 17/01/2008 | T-729-F-5 | 1164007 | 23/02/2023 | 23/02/2023 | Folleto |
